000 00628nam a2200217Ia 4500
003 GCL
008 140319s9999 xx 000 0 ara d
040 _aGCL /
_cGCL
082 0 4 _a185
_bا ط
100 1 _aعبدالرحمن بدوى
245 1 0 _aطباع الحيوان /
_cعبدالرحمن بدوى
700 1 _aارسطوطاليس
700 1 _aيوحنا بن البطريق
260 _a[S.N] :
_bوكالة المطبوعات ،
_c1977
300 _a564 ص
490 _a
650 0 4 _aالفلسفة
650 0 4 _aفلسفة ارسطو
650 0 4 _aالفلسفة اليونانية
942 _2ddc
_cBK
999 _c35158
_d35158